01591 a2200241 4500003000500000005001700005010001600022020001500038040000900053082001600062100001700078245006800095250001200163260004800175300003500223440006100258505075400319650002801073650003801101650003101139856008901170856009001259Nust20230726122643.0 a 97016040 a0195473701 cNust00a621.382,LAT1 aLathi, B. P.10aModern digital and analog communication systems / cB.P. Lathi. a3rd ed. aNew York :bOxford University Press,c1998. axiii, 781 p. :bill. ;c25 cm. 4aThe Oxford series in electrical and computer engineering aIntroduction (Page-1), Introduction to Signals (Page-14), Analysis and Transmission of Signals (Page-71), Amplitude Linear Modulation (Page-151), Angle (Exponential) Modulation (Page-208), Sampling and Pulse Coding Modulation (Page-251), Principles of Digital Data Transmission (Page-294), Emerging Digital Communications Technologies (Page-354), Some Recent Developments and Miscellaneous Topics (Page-404), Introduction to Theory of Probability (Page-434), Random Processes (Page-487), Behavior of Analog Systems in the Presence of Noise (Page-532), Behavior of Digital Communication Systems in the Presence of Noise (Page-577), Optimum Signal Detection (Page-626), Introduction to Information Theory (Page-679), Error Correcting Codes (Page-728). 0aDigital communications. 0aStatistical communication theory. 0aTelecommunication systems.423Publisher descriptionuhttp://www.loc.gov/catdir/enhancements/fy0605/97016040-d.html423Table of contents onlyuhttp://www.loc.gov/catdir/enhancements/fy0605/97016040-t.html